| 000 | 01256cam a2200301 a 4500 | ||
|---|---|---|---|
| 999 |
_c328911 _d328911 |
||
| 001 | 16371414 | ||
| 003 | Nust | ||
| 005 | 20170419123120.0 | ||
| 008 | 100802s2011 enka b 001 0 eng | ||
| 010 | _a 2010032342 | ||
| 020 | _a9780415583350 (hard cover) | ||
| 020 | _a9780415583367 (soft cover) | ||
| 040 |
_aDLC _cDLC _dDLC |
||
| 042 | _apcc | ||
| 043 | _ae-uk--- | ||
| 050 | 0 | 0 |
_aLB1028 _b.C572 2011 |
| 082 | 0 | 0 |
_a370.72 COH _222 |
| 100 | 1 |
_aCohen, Louis, _d1928- |
|
| 245 | 1 | 0 |
_aResearch methods in education / _cLouis Cohen, Lawrence Manion, and Keith Morrison ; with contributions from Richard Bell ... [et al.]. |
| 250 | _a7th ed. | ||
| 260 |
_aLondon ; _aNew York : _bRoutledge, _c2011. |
||
| 300 |
_axxii, 758 p. : _bill. (chiefly col.) ; _c25 cm. |
||
| 504 | _aIncludes bibliographical references and index. | ||
| 650 | 0 |
_aEducation _xResearch _zGreat Britain. |
|
| 700 | 1 | _aManion, Lawrence. | |
| 700 | 1 |
_aMorrison, Keith _q(Keith R. B.) |
|
| 906 |
_a7 _bcbc _corignew _d1 _eecip _f20 _gy-gencatlg |
||
| 942 |
_2ddc _cBK |
||